100 Biggest Cities in New York on a Map - Statistics

General Stats
  • This quiz has been taken 767 times
  • The average score is 32 of 100
Answers on the Map
Answers color-coded by a green-red scale on the quiz's map according to % correct below.
 
Answer Stats
Populations City % Correct
278,349 Buffalo
93%
99,224 Albany
90%
8,804,190 New York
90%
211,328 Rochester
90%
148,620 Syracuse
88%
211,569 Yonkers
84%
65,283 Utica
78%
48,671 Niagara Falls
74%
32,108 Ithaca
69%
47,969 Binghamton
66%
67,047 Schenectady
66%
31,577 Poughkeepsie
64%
59,559 White Plains
64%
79,726 New Rochelle
62%
51,401 Troy
62%
59,169 Hempstead
56%
73,893 Mount Vernon
52%
32,127 Rome
51%
28,491 Saratoga Springs
49%
19,841 Plattsburgh
48%
24,685 Watertown
48%
26,523 Elmira
45%
35,029 Long Beach
45%
28,712 Jamestown
44%
24,069 Kingston
42%
28,856 Newburgh
36%
44,472 Freeport
35%
32,954 Kiryas Joel
34%
23,272 Garden City
33%
28,365 Glen Cove
33%
30,345 Middletown
32%
40,634 Valley Stream
32%
19,645 Huntington
31%
51,758 Levittown
31%
30,496 North Tonawanda
31%
26,866 Auburn
30%
21,355 Massapequa
28%
25,431 Peekskill
28%
31,693 Port Chester
27%
20,876 Lockport
26%
20,151 Mamaroneck
25%
34,135 New City
25%
76,829 Cheektowaga
24%
43,869 Hicksville
24%
51,043 Irondequoit
24%
19,949 Lackawanna
24%
27,551 Ossining
24%
33,066 Spring Valley
24%
36,714 Central Islip
23%
32,473 Uniondale
23%
27,048 West Islip
23%
62,387 Brentwood
22%
36,536 Commack
22%
32,637 Oceanside
22%
19,259 Syosset
22%
45,500 West Seneca
22%
28,218 Harrison
21%
20,800 Mineola
21%
18,955 Ronkonkoma
21%
22,968 Rotterdam
21%
25,629 Smithtown
21%
43,213 West Babylon
21%
37,137 Brighton
20%
27,148 Lindenhurst
20%
33,919 Baldwin
19%
29,244 Bay Shore
19%
28,837 Deer Park
19%
20,901 Eastchester
19%
26,016 Rockville Centre
19%
19,835 West Hempstead
19%
35,265 Elmont
18%
34,878 Huntington Station
18%
20,438 Lynbrook
18%
22,040 Merrick
18%
26,180 Dix Hills
17%
37,796 East Meadow
17%
19,854 East Massapequa
16%
30,903 Franklin Square
16%
19,284 Melville
16%
18,886 Nanuet
16%
27,100 Plainview
16%
20,048 East Northport
15%
21,580 East Patchogue
15%
57,431 Tonawanda Town
15%
18,619 Lake Ronkonkoma
14%
26,954 Monsey
14%
18,643 North Amityville
14%
26,487 Holbrook
13%
20,787 Niskayuna
13%
19,619 North Bay Shore
13%
26,360 Shirley
13%
30,980 Centereach
12%
18,937 Holtsville
12%
24,247 Medford
12%
20,583 North Bellmore
12%
18,669 Woodmere
12%
40,220 Coram
10%
20,083 Hauppauge
10%
21,262 Selden
10%
23,429 Copiague
8%
No matching quizzes found
Score Distribution
Percent of People with Each Score
Percentile by Number Answered
Your Score History
You have not taken this quiz